000 00617nam a2200193 i 4500
001 38937
003 ES-MaACL
005 20230906155843.0
007 t|
008 030226s1961 sp ||||1| spa d
100 1 _aCampos de España, Rafael.
_934264
245 1 0 _aQué es torear
_b: historia crítica de la filosofía del toreo /
_cRafael Campos de España ; prólogo de E. G. Acebal.
260 _aMadrid :
_b[s.n.,
_c1961] (
_fVersal)
300 _a208 p. ;
_c21 cm.
650 0 4 _aTauromaquia.
_917288
700 1 _aAcebal, Edmundo G.,
_918207
852 _aES-MaACL
_jC-21317
_bR.49556
999 _c38937
_d38937